[Event "Jupiter Fisca op"]
[White "Otetea, Ioana"]
[Black "Cioara, Andrei Nestor"]
[Site "Jupiter"]
[Round "1"]
[Result "0-1"]
[Date "2019.06.22"]
[WhiteElo "1744"]
[BlackElo "2426"]
[PlyCount "70"]
[EventDate "2019.06.22"]
[EventType "swiss"]
[EventRounds "9"]
[EventCountry "ROU"]
[SourceTitle "CBM 191 Extra"]
[Source "ChessBase"]
[SourceDate "2019.09.30"]
[SourceVersion "1"]
[SourceVersionDate "2019.09.30"]
[SourceQuality "1"]

1. e4 e6 2. d4 d5 3. exd5 exd5 4. c4 Nf6 5. Nc3 Bb4 6. Bd3 0-0 7. Nge2 Be6 8. c5 b6 9. a3 Bxc3+ 10. Nxc3 Bg4 11. f3 Re8+ 12. Ne2 Bh5 13. 0-0 Bg6 14. Bxg6 hxg6 15. Ng3 Nc6 16. cxb6 cxb6 17. Bg5 Qd6 18. Qd3 Nh7 19. Bd2 Nf8 20. f4 f5 21. Bc3 Nh7 22. Qf3 Nf6 23. Rae1 Ne4 24. h4 b5 25. Rd1 Qf6 26. Nxe4 Rxe4 27. Qf2 a5 28. Rfe1 Rae8 29. Rxe4 Rxe4 30. g3 b4 31. axb4 axb4 32. Be1 Nxd4 33. Bxb4 Ne2+ 34. Kf1 Qa6 35. Qc5 Nc3+ 0-1

[Event "ROM-ch U14 Girls"]
[White "Hejja, Irisz Hanna"]
[Black "Otetea, Ioana"]
[Site "Calimanesti Caciulata"]
[Round "9"]
[Result "0-1"]
[Date "2019.04.22"]
[WhiteElo "1523"]
[BlackElo "1656"]
[PlyCount "74"]
[EventDate "2019.04.15"]
[EventType "swiss"]
[EventRounds "9"]
[EventCountry "ROU"]
[SourceTitle "CBM 190 Extra"]
[Source "ChessBase"]
[SourceDate "2019.07.15"]
[SourceVersion "1"]
[SourceVersionDate "2019.07.15"]
[SourceQuality "1"]

1. d4 Nf6 2. Nf3 d5 3. e3 c5 4. b3 e6 5. Bb2 Bd6 6. Bd3 0-0 7. 0-0 Nbd7 8. Ne5 Qc7 9. f4 Ne4 10. Nd2 Ndf6 11. Ndf3 a6 12. c4 b6 13. Rc1 Bb7 14. Qe2 a5 15. a4 Rac8 16. Rc2 Nd7 17. Nxd7 Qxd7 18. Bxe4 dxe4 19. Nd2 Be7 20. g4 Rcd8 21. Nb1 Qc6 22. Rd2 Rd7 23. Rfd1 Rfd8 24. dxc5 Bxc5 25. Rxd7 Rxd7 26. Rxd7 Qxd7 27. Kf2 Qe7 28. g5 h6 29. h4 hxg5 30. hxg5 Qd6 31. Ke1 Bb4+ 32. Kf2 Qd7 33. Bd4 e5 34. Bxe5 Qh3 35. Nd2 Bc8 36. Nf1 Bg4 37. Qb2 Bf3 0-1

[Event "ROM-ch U14 Girls"]
[White "Otetea, Ioana"]
[Black "Obada, Ema"]
[Site "Calimanesti Caciulata"]
[Round "7"]
[Result "0-1"]
[Date "2019.04.20"]
[WhiteElo "1656"]
[BlackElo "1865"]
[PlyCount "68"]
[EventDate "2019.04.15"]
[EventType "swiss"]
[EventRounds "9"]
[EventCountry "ROU"]
[SourceTitle "CBM 190 Extra"]
[Source "ChessBase"]
[SourceDate "2019.07.15"]
[SourceVersion "1"]
[SourceVersionDate "2019.07.15"]
[SourceQuality "1"]

1. e4 c5 2. Nf3 e6 3. d4 cxd4 4. Nxd4 a6 5. Nc3 b5 6. Bd3 Bb7 7. Qe2 Nc6 8. Nb3 d6 9. a3 Nf6 10. 0-0 Be7 11. f4 Qc7 12. Bd2 0-0 13. Rae1 Nd7 14. Rf3 g6 15. Rh3 Bf6 16. Qg4 Rfd8 17. Re2 Bg7 18. Qh4 Nf8 19. f5 Qe7 20. Bg5 f6 21. Bd2 g5 22. Qg3 exf5 23. exf5 Ne5 24. Ne4 h6 25. Bb4 Bd5 26. Na5 Rac8 27. Nf2 Qf7 28. Be4 Bc4 29. Rd2 d5 30. Bf3 Nxf3+ 31. Qxf3 Re8 32. g4 Re1+ 33. Kg2 Bf1+ 34. Kg3 Qc7+ 0-1

[Event "ROM-ch U14 Girls"]
[White "Otetea, Ioana"]
[Black "Schiopu, Oana Magdalena"]
[Site "Calimanesti Caciulata"]
[Round "4"]
[Result "1-0"]
[Date "2019.04.17"]
[WhiteElo "1656"]
[BlackElo "1622"]
[PlyCount "133"]
[EventDate "2019.04.15"]
[EventType "swiss"]
[EventRounds "9"]
[EventCountry "ROU"]
[SourceTitle "CBM 190 Extra"]
[Source "ChessBase"]
[SourceDate "2019.07.15"]
[SourceVersion "1"]
[SourceVersionDate "2019.07.15"]
[SourceQuality "1"]

1. e4 c5 2. Nf3 e6 3. d4 cxd4 4. Nxd4 a6 5. Nc3 Qc7 6. g3 Nc6 7. Bg2 d6 8. 0-0 Be7 9. Re1 Bd7 10. Nxc6 Bxc6 11. Qg4 h5 12. Qe2 Nf6 13. a4 Kf8 14. Bf4 h4 15. g4 h3 16. Bf3 Nh7 17. Qe3 e5 18. Bg3 Bg5 19. Qd3 Rd8 20. Rad1 g6 21. Nd5 Bxd5 22. Qxd5 Nf6 23. Qd3 Kg7 24. b3 Bh4 25. Rd2 Qc8 26. Qe2 Qc5 27. Qe3 Qxe3 28. Rxe3 Bg5 29. Red3 Bxd2 30. Rxd2 Rd7 31. g5 Nh5 32. Bxe5+ f6 33. gxf6+ Nxf6 34. Bxd6 Rhd8 35. e5 Ne8 36. Bg4 Rc7 37. Bf8+ Kxf8 38. Rxd8 Rxc2 39. Bxh3 Rc3 40. Bd7 Ke7 41. Rxe8+ Kxd7 42. Rg8 Rxb3 43. Rxg6 Rb4 44. a5 Rb5 45. f4 Rxa5 46. h4 Ra4 47. Rg4 Ke6 48. f5+ Kxe5 49. Rxa4 Kxf5 50. Kg2 Kg6 51. Kg3 Kh5 52. Rb4 b5 53. Rb3 Kg6 54. Ra3 b4 55. Rxa6+ Kh5 56. Ra5+ Kg6 57. Rb5 b3 58. Rxb3 Kh5 59. Rb5+ Kh6 60. Kg4 Kg6 61. Rb6+ Kh7 62. Kg5 Kg7 63. Rb7+ Kf8 64. Kf6 Kg8 65. h5 Kh8 66. Kg6 Kg8 67. Rb8# 1-0

[Event "ROM-ch U14 Girls"]
[White "Spiridon, Anisia"]
[Black "Otetea, Ioana"]
[Site "Calimanesti Caciulata"]
[Round "3"]
[Result "0-1"]
[Date "2019.04.17"]
[WhiteElo "1582"]
[BlackElo "1656"]
[PlyCount "64"]
[EventDate "2019.04.15"]
[EventType "swiss"]
[EventRounds "9"]
[EventCountry "ROU"]
[SourceTitle "CBM 190 Extra"]
[Source "ChessBase"]
[SourceDate "2019.07.15"]
[SourceVersion "1"]
[SourceVersionDate "2019.07.15"]
[SourceQuality "1"]

1. d4 Nf6 2. c4 e6 3. Nc3 Bb4 4. Bg5 h6 5. Bh4 g5 6. Bg3 Ne4 7. Qc2 Nxg3 8. hxg3 Qf6 9. e3 Nc6 10. a3 Bxc3+ 11. bxc3 d6 12. Bd3 Ne7 13. g4 e5 14. f3 d5 15. c5 Bd7 16. Rb1 b6 17. Qb3 Bc6 18. Ne2 bxc5 19. dxc5 Ng6 20. Bxg6 fxg6 21. c4 d4 22. exd4 exd4 23. Rd1 Rd8 24. Kf2 Kf7 25. Rd2 h5 26. gxh5 gxh5 27. Rf1 h4 28. Ke1 Rhe8 29. Qd3 Re3 30. Qh7+ Kf8 31. Rd3 Rd7 32. Qe4 Bxe4 0-1

[Event "Braila Albulet Memorial (Women) 11th"]
[White "Babiy, Olga"]
[Black "Otetea, Ioana"]
[Site "Braila"]
[Round "8"]
[Result "1-0"]
[Date "2018.11.09"]
[WhiteElo "2314"]
[BlackElo "1602"]
[PlyCount "107"]
[EventDate "2018.11.03"]
[EventType "swiss"]
[EventRounds "9"]
[EventCountry "ROU"]
[SourceTitle "CBM 187 Extra"]
[Source "ChessBase"]
[SourceDate "2018.11.04"]
[SourceVersion "1"]
[SourceVersionDate "2018.11.04"]
[SourceQuality "1"]

1. e4 e5 2. Nf3 Nc6 3. Bb5 a6 4. Ba4 b5 5. Bb3 Nf6 6. 0-0 Bc5 7. c3 d6 8. d4 Bb6 9. h3 0-0 10. Be3 Rb8 11. Nbd2 h6 12. Re1 Re8 13. d5 Na5 14. Bc2 Bd7 15. b4 Nc4 16. Nxc4 bxc4 17. Nd2 a5 18. a3 Bxe3 19. Rxe3 Bb5 20. a4 Ba6 21. b5 Bc8 22. Nxc4 Ra8 23. Qc1 Nd7 24. Rg3 Kh8 25. f4 Qh4 26. Rf3 Kg8 27. f5 Nb6 28. Ne3 Qg5 29. Qe1 Rf8 30. h4 Qd8 31. g4 f6 32. Rg3 Rf7 33. g5 fxg5 34. hxg5 hxg5 35. Qe2 Nd7 36. Qh5 Nf6 37. Qxg5 Kf8 38. c4 Bb7 39. Kf2 Ke7 40. c5 Bc8 41. c6 Qg8 42. Rh1 Ba6 43. bxa6 Rxa6 44. Ng4 Qb8 45. Rb1 Rb6 46. Rgb3 Kf8 47. Rxb6 cxb6 48. Rh1 Ke7 49. Nxf6 gxf6 50. Qg6 b5 51. Rh7 Qb6+ 52. Ke2 Rxh7 53. Qxh7+ Kd8 54. Qd7# 1-0

[Event "Braila Albulet Memorial (Women) 11th"]
[White "Makropoulou, Marina"]
[Black "Otetea, Ioana"]
[Site "Braila"]
[Round "1"]
[Result "1-0"]
[Date "2018.11.03"]
[WhiteElo "2110"]
[BlackElo "1602"]
[PlyCount "117"]
[EventDate "2018.11.03"]
[EventType "swiss"]
[EventRounds "9"]
[EventCountry "ROU"]
[SourceTitle "CBM 187 Extra"]
[Source "ChessBase"]
[SourceDate "2018.11.04"]
[SourceVersion "1"]
[SourceVersionDate "2018.11.04"]
[SourceQuality "1"]

1. e4 c5 2. Nf3 d6 3. d4 cxd4 4. Nxd4 Nf6 5. Nc3 a6 6. a4 e5 7. Nf3 h6 8. Bc4 Be7 9. 0-0 0-0 10. Be3 Nbd7 11. Nh4 Kh7 12. Nf5 Nc5 13. Qf3 Qc7 14. Rfd1 Bxf5 15. Qxf5+ Kh8 16. Ba2 Rac8 17. Rd2 b6 18. Nd5 Nxd5 19. Bxd5 Bf6 20. Bxh6 Qe7 21. Be3 Rc7 22. Ra3 g6 23. Qh3+ Kg8 24. Qh6 Ne6 25. Bxe6 Qxe6 26. Bxb6 Rc4 27. Qe3 Rfc8 28. c3 Qd7 29. a5 Qc6 30. f3 Be7 31. Ra1 Kg7 32. Qd3 Rh8 33. Rc2 Qc8 34. b3 Rc6 35. c4 Bg5 36. Rd1 Bf4 37. g3 Bg5 38. Qd5 Qe8 39. Re2 Rh5 40. Rg2 Be7 41. Qd3 Bg5 42. b4 Qe6 43. Rc2 Qc8 44. Qd5 Rh8 45. Qd3 Rh5 46. Qe2 Rh3 47. Rd5 Rh5 48. Qd3 Be7 49. Qe2 Bg5 50. c5 Be7 51. Qf2 Bf8 52. Rcd2 Qb8 53. Qe2 Qb7 54. cxd6 Rc1+ 55. Rd1 Rxd1+ 56. Qxd1 Qd7 57. Bc5 Qh3 58. Rd2 Qd7 59. Qe2 1-0

[Event "ROM-ch U14 Girls"]
[White "Lehaci, Miruna Daria"]
[Black "Otetea, Ioana"]
[Site "Calimanesti"]
[Round "6"]
[Result "1/2-1/2"]
[Date "2018.03.31"]
[WhiteElo "1925"]
[BlackElo "1713"]
[PlyCount "50"]
[EventDate "2018.03.27"]
[EventType "swiss"]
[EventRounds "9"]
[EventCountry "ROU"]
[SourceTitle "EXT 2019"]
[Source "ChessBase"]
[SourceDate "2018.10.10"]
[SourceVersion "1"]
[SourceVersionDate "2018.10.10"]
[SourceQuality "1"]

1. e4 e5 2. Nf3 Nc6 3. Bb5 a6 4. Ba4 Nf6 5. d3 b5 6. Bb3 Bc5 7. Nc3 d6 8. Bg5 h6 9. Bxf6 Qxf6 10. Nd5 Qd8 11. c3 0-0 12. d4 Ba7 13. Rc1 Bg4 14. 0-0 exd4 15. h3 Bxf3 16. Qxf3 Ne5 17. Qg3 c6 18. cxd4 Bxd4 19. Ne3 Bxb2 20. Rc2 Ba3 21. Nf5 Qg5 22. Qxg5 hxg5 23. Ne7+ Kh7 24. Nxc6 Nxc6 25. Rxc6 f6 1/2-1/2

[Event "ROM-ch U14 Girls"]
[White "Otetea, Ioana"]
[Black "Patru, Alexandra Ioana"]
[Site "Calimanesti"]
[Round "5"]
[Result "1-0"]
[Date "2018.03.30"]
[WhiteElo "1713"]
[BlackElo "1536"]
[PlyCount "70"]
[EventDate "2018.03.27"]
[EventType "swiss"]
[EventRounds "9"]
[EventCountry "ROU"]
[SourceTitle "EXT 2019"]
[Source "ChessBase"]
[SourceDate "2018.10.10"]
[SourceVersion "1"]
[SourceVersionDate "2018.10.10"]
[SourceQuality "1"]

1. e4 e5 2. Nc3 Bc5 3. Qg4 Qf6 4. Qg3 d6 5. Nd5 Qxf2+ 6. Qxf2 Bxf2+ 7. Kxf2 Kd8 8. Nf3 h6 9. d4 c6 10. Nc3 exd4 11. Nxd4 Nf6 12. Be2 Re8 13. Bf3 Bg4 14. Bf4 Bxf3 15. gxf3 d5 16. exd5 cxd5 17. Ndb5 Re7 18. Rad1 Nbd7 19. Bd6 Re6 20. Rhe1 Nb6 21. Bc7+ Ke7 22. Bxb6 axb6 23. Nc7 Rc8 24. Nxe6 fxe6 25. Re2 Kd7 26. Na4 Rc6 27. c4 Kc7 28. cxd5 Nxd5 29. Nc3 Nf4 30. Red2 Kb8 31. Rd6 Rc5 32. Rxb6 Ka7 33. Rbd6 Rg5 34. a4 Rg2+ 35. Kf1 Rxh2 1-0

[Event "EU-ch U12 Girls 27th"]
[White "Schiopu, Oana Magdalena"]
[Black "Otetea, Ioana"]
[Site "Mamaia"]
[Round "6"]
[Result "0-1"]
[Date "2017.09.11"]
[WhiteElo "1299"]
[BlackElo "1568"]
[PlyCount "84"]
[EventDate "2017.09.05"]
[EventType "swiss"]
[EventRounds "9"]
[EventCountry "ROU"]
[SourceTitle "CBM 180 Extra"]
[Source "ChessBase"]
[SourceDate "2017.10.06"]
[SourceVersion "1"]
[SourceVersionDate "2017.10.06"]
[SourceQuality "1"]

1. e4 e5 2. Nf3 Nc6 3. Bc4 Bc5 4. d3 Nf6 5. c3 0-0 6. Bb3 d6 7. h3 a6 8. 0-0 Ba7 9. Re1 d5 10. exd5 Nxd5 11. Bg5 Qd6 12. Nbd2 Nf4 13. Nxe5 Nxe5 14. Bxf4 Bxf2+ 15. Kxf2 Nxd3+ 16. Kg1 Qxf4 17. Qe2 Nxe1 18. Rxe1 Bd7 19. Rf1 Qd6 20. Kh1 Bb5 21. c4 Bc6 22. Qf2 Qg6 23. Nf3 Qh5 24. Qg3 f6 25. Nd4 Qe5 26. Qh4 Qg5 27. Qf2 Rfe8 28. Nxc6 bxc6 29. Qf3 c5 30. Ba4 Red8 31. Bc6 Rab8 32. Bd5+ Kh8 33. Qa3 c6 34. Bxc6 Rd2 35. b3 Rbd8 36. Bd5 R8xd5 37. Rg1 Rxg2 38. Rxg2 Rd1+ 39. Kh2 Qf4+ 40. Rg3 Rd2+ 41. Kh1 Qxg3 42. Qxc5 Qg2# 0-1

[Event "ROM-ch U12 Girls"]
[White "Trifoi, Mihaela Ioana"]
[Black "Otetea, Ioana"]
[Site "Baile Felix"]
[Round "4"]
[Result "1-0"]
[Date "2017.02.05"]
[WhiteElo "1681"]
[BlackElo "1478"]
[PlyCount "63"]
[EventDate "2017.02.02"]
[EventType "swiss"]
[EventRounds "9"]
[EventCountry "ROU"]
[SourceTitle "CBM 176 Extra"]
[Source "ChessBase"]
[SourceDate "2017.03.02"]
[SourceVersion "1"]
[SourceVersionDate "2017.03.02"]
[SourceQuality "1"]

1. e4 e5 2. Nf3 Nc6 3. Bc4 Bc5 4. d3 Nf6 5. Bb3 d6 6. c3 a6 7. 0-0 0-0 8. Nbd2 Ba7 9. h3 h6 10. Re1 Re8 11. Nf1 Be6 12. Bc2 d5 13. exd5 Bxd5 14. Ng3 Qd7 15. Be3 b5 16. Bxa7 Rxa7 17. a4 b4 18. a5 bxc3 19. bxc3 Re6 20. Ba4 Bxf3 21. Qxf3 Nd5 22. d4 exd4 23. cxd4 Rf6 24. Qb3 Ra8 25. Qb7 Rd8 26. Qxa6 Ndb4 27. Bxc6 Rxc6 28. Qb5 Nc2 29. Rac1 Nxd4 30. Qb7 Qc8 31. Qxc8 Rxc8 32. Rxc6 1-0

[Event "ROM-ch U12 Girls"]
[White "Covrig, Larisa Raluca"]
[Black "Otetea, Ioana"]
[Site "Calimanesti Caciulata"]
[Round "8"]
[Result "1-0"]
[Date "2016.04.24"]
[WhiteElo "1557"]
[BlackElo "1453"]
[PlyCount "131"]
[EventDate "2016.04.18"]
[EventType "swiss"]
[EventRounds "9"]
[EventCountry "ROU"]
[SourceTitle "CBM 172 Extra"]
[Source "ChessBase"]
[SourceDate "2016.06.21"]
[SourceVersion "1"]
[SourceVersionDate "2016.06.21"]
[SourceQuality "1"]

1. d4 d5 2. Bf4 Nf6 3. e3 c5 4. c3 e6 5. Bd3 Nc6 6. Nd2 Be7 7. Ngf3 0-0 8. Qe2 b6 9. a3 Bb7 10. Rc1 Rc8 11. Rd1 Bd6 12. Bg3 Re8 13. Ne5 Qc7 14. f4 cxd4 15. exd4 Na5 16. 0-0 h6 17. Kh1 Ra8 18. Bh4 Be7 19. Bb1 Nh7 20. Bxe7 Rxe7 21. Qd3 Nf6 22. Ng4 Ne4 23. Nxe4 dxe4 24. Qg3 Kh8 25. Ne5 Nc4 26. Qf2 b5 27. Qe2 Nd6 28. Rc1 Rc8 29. Ba2 Bd5 30. Bxd5 exd5 31. f5 Ne8 32. Qxb5 Nf6 33. Qa4 Rb8 34. Rc2 Rb6 35. b4 Qb7 36. Qb3 a5 37. Ra1 Rc7 38. h3 Qa7 39. Qa4 axb4 40. axb4 Qxa4 41. Rxa4 Rb8 42. Kg1 Kg8 43. Kf2 Nh5 44. g3 Nf6 45. Ke3 Ne8 46. Ra5 Nf6 47. Rc5 Rbc8 48. c4 Rxc5 49. dxc5 dxc4 50. Rxc4 Ra8 51. c6 Rc8 52. Ng4 Ne8 53. b5 Nd6 54. Rc5 Kf8 55. Nf2 Ke7 56. Nxe4 Ne8 57. Kd4 Nc7 58. b6 Na6 59. Re5+ Kf8 60. c7 h5 61. Nd6 Nb4 62. Nxc8 Nc6+ 63. Kd5 Nxe5 64. Kxe5 Ke8 65. b7 Kd7 66. b8Q 1-0

[Event "ROM-ch U12 Girls"]
[White "Otetea, Ioana"]
[Black "Matasaru, Stephanie"]
[Site "Calimanesti Caciulata"]
[Round "7"]
[Result "1/2-1/2"]
[Date "2016.04.23"]
[WhiteElo "1453"]
[BlackElo "1454"]
[PlyCount "80"]
[EventDate "2016.04.18"]
[EventType "swiss"]
[EventRounds "9"]
[EventCountry "ROU"]
[SourceTitle "CBM 172 Extra"]
[Source "ChessBase"]
[SourceDate "2016.06.21"]
[SourceVersion "1"]
[SourceVersionDate "2016.06.21"]
[SourceQuality "1"]

1. e4 e5 2. Nf3 Nc6 3. d4 exd4 4. Nxd4 Qh4 5. Nb5 Qxe4+ 6. Qe2 Qxe2+ 7. Bxe2 Bd6 8. Nxd6+ cxd6 9. Nc3 Nge7 10. Nb5 0-0 11. Nxd6 Nb4 12. Bd3 Nxd3+ 13. cxd3 b6 14. Bg5 f6 15. Be3 Ba6 16. Kd2 Nc6 17. d4 Nd8 18. Rac1 Nb7 19. Nf5 Kf7 20. Rc7 Rac8 21. Rhc1 Rxc7 22. Rxc7 g6 23. Ng3 Ke7 24. Ne4 Na5 25. b3 Bb7 26. f3 Rc8 27. Rxc8 Bxc8 28. Nc3 Bb7 29. Bf4 Nc6 30. Ke3 Nb4 31. Kd2 Nd5 32. Bb8 a6 33. Nxd5+ Bxd5 34. Ba7 b5 35. Bc5+ d6 36. Bb6 g5 37. Ke3 h5 38. g3 f5 39. f4 g4 40. Kd3 Kd7 1/2-1/2

[Event "ROM-ch U12 Girls"]
[White "Lehaci, Miruna Daria"]
[Black "Otetea, Ioana"]
[Site "Calimanesti Caciulata"]
[Round "6"]
[Result "1-0"]
[Date "2016.04.22"]
[WhiteElo "1776"]
[BlackElo "1453"]
[PlyCount "45"]
[EventDate "2016.04.18"]
[EventType "swiss"]
[EventRounds "9"]
[EventCountry "ROU"]
[SourceTitle "CBM 172 Extra"]
[Source "ChessBase"]
[SourceDate "2016.06.21"]
[SourceVersion "1"]
[SourceVersionDate "2016.06.21"]
[SourceQuality "1"]

1. e4 c5 2. Nf3 d6 3. d4 cxd4 4. Nxd4 Nf6 5. Nc3 a6 6. Bc4 e6 7. Bb3 b5 8. Bg5 Be7 9. Qf3 Qb6 10. 0-0-0 0-0 11. g4 Bb7 12. Be3 Qa5 13. g5 Nfd7 14. Rhg1 Nc5 15. Rg4 Nbd7 16. Rh4 Ne5 17. Qh5 h6 18. Rg1 Ng6 19. Rh3 Nxe4 20. Nxe4 Bxe4 21. gxh6 gxh6 22. Qxh6 Rac8 23. Qh7# 1-0

[Event "Wch U10 Girls"]
[White "Otetea, Ioana"]
[Black "Zvereva, Margarita"]
[Site "Porto Carras"]
[Round "3"]
[Result "0-1"]
[Date "2015.10.27"]
[WhiteElo "1515"]
[BlackElo "1677"]
[PlyCount "126"]
[EventDate "2015.10.25"]
[EventType "swiss"]
[EventRounds "11"]
[EventCountry "GRE"]
[SourceTitle "CBM 169 Extra"]
[Source "ChessBase"]
[SourceDate "2015.12.18"]
[SourceVersion "1"]
[SourceVersionDate "2015.12.18"]
[SourceQuality "1"]

1. e4 c6 2. d4 d5 3. exd5 cxd5 4. Bd3 Nc6 5. c3 Nf6 6. Bf4 g6 7. Nf3 Bg7 8. Nbd2 0-0 9. 0-0 Nh5 10. Be3 f6 11. c4 dxc4 12. Bxc4+ Kh8 13. Nb3 a6 14. Rc1 Qd6 15. Qd2 b5 16. Be2 f5 17. Bh6 Nf6 18. Bxg7+ Kxg7 19. Nc5 Ne4 20. Qd3 Nxc5 21. dxc5 Qxd3 22. Bxd3 e5 23. Bc2 e4 24. Nd2 Nd4 25. Rfe1 Bb7 26. Nb3 Nxc2 27. Rxc2 Bd5 28. Rd1 Bxb3 29. axb3 Rfd8 30. Rdc1 Rd3 31. c6 Rxb3 32. c7 Rc8 33. Rc6 Rd3 34. Rxa6 Rd7 35. Rac6 Kf7 36. Kf1 Ke7 37. Ke2 Rd6 38. R6c5 Kd7 39. Rxb5 Rxc7 40. Rxc7+ Kxc7 41. Ra5 Kb6 42. Ra1 Rd7 43. Rd1 Rb7 44. Rb1 Kc5 45. Kd2 Kb4 46. Kc2 Rc7+ 47. Kd2 Kb3 48. Ke3 Kc2 49. Ra1 Kxb2 50. Ra5 Kb3 51. h3 Kb4 52. Re5 Kb3 53. Kf4 Rc2 54. Ke3 Rc3+ 55. Kf4 Kc4 56. Re7 Kd3 57. Rxh7 Ke2 58. g4 Kxf2 59. gxf5 gxf5 60. Rf7 Rf3+ 61. Kg5 e3 62. Rc7 e2 63. Rc2 Kf1 0-1

[Event "ROM-ch U10 Girls"]
[White "Otetea, Ioana"]
[Black "Trifoi, Mihaela Ioana"]
[Site "Calimanesti"]
[Round "8"]
[Result "1-0"]
[Date "2015.04.05"]
[WhiteElo "1439"]
[BlackElo "1518"]
[PlyCount "40"]
[EventDate "2015.03.30"]
[EventType "swiss"]
[EventRounds "9"]
[EventCountry "ROU"]
[SourceTitle "CBM 165 Extra"]
[Source "ChessBase"]
[SourceDate "2015.04.21"]
[SourceVersion "1"]
[SourceVersionDate "2015.04.21"]
[SourceQuality "1"]

1. e4 c6 2. d4 d5 3. exd5 cxd5 4. Bd3 Nf6 5. c3 Nc6 6. Bf4 e6 7. Nf3 Bd6 8. Bxd6 Qxd6 9. 0-0 0-0 10. Nbd2 b6 11. Qc2 h6 12. Rae1 Bb7 13. Ne5 Rac8 14. Qd1 Rfd8 15. Re3 Qc7 16. Ndf3 Nxe5 17. Nxe5 Qd6 18. Rfe1 Re8 19. Rg3 Kh8 20. Nxf7+ Kg8 1-0

[Event "ROM-ch U10 Girls"]
[White "Stan, Luciana Gabriela"]
[Black "Otetea, Ioana"]
[Site "Calimanesti"]
[Round "7"]
[Result "0-1"]
[Date "2015.04.04"]
[WhiteElo "1503"]
[BlackElo "1439"]
[PlyCount "102"]
[EventDate "2015.03.30"]
[EventType "swiss"]
[EventRounds "9"]
[EventCountry "ROU"]
[SourceTitle "CBM 165 Extra"]
[Source "ChessBase"]
[SourceDate "2015.04.21"]
[SourceVersion "1"]
[SourceVersionDate "2015.04.21"]
[SourceQuality "1"]

1. d4 d5 2. c4 c6 3. cxd5 cxd5 4. Nc3 Nf6 5. Bf4 e6 6. e3 Be7 7. Nf3 0-0 8. Be2 Nc6 9. 0-0 Bd7 10. a3 Rc8 11. Rc1 Na5 12. Ne5 Qb6 13. b4 Nc6 14. Bg5 Qd8 15. Na4 Nxe5 16. dxe5 Ne4 17. Bxe7 Qxe7 18. b5 Qxa3 19. Ra1 Qb4 20. Qd4 Qxd4 21. exd4 Rc2 22. Bd3 Rd2 23. Rfd1 Rxd1+ 24. Rxd1 b6 25. f3 Ng5 26. h4 Nxf3+ 27. gxf3 f6 28. Be2 fxe5 29. dxe5 Rf4 30. Nxb6 axb6 31. Rc1 Rb4 32. Rc7 Bxb5 33. Rc8+ Kf7 34. Bxb5 Rxb5 35. h5 Rc5 36. Rb8 Rc7 37. Rxb6 Rd7 38. Kf2 d4 39. Ke2 d3+ 40. Kd2 g6 41. h6 g5 42. Ra6 Rd5 43. Rd6 Rxe5 44. Kxd3 Rd5+ 45. Rxd5 exd5 46. Kd4 Kg6 47. Kxd5 Kxh6 48. Ke4 Kg6 49. f4 g4 50. f5+ Kf6 51. Kf4 h5 0-1

[Event "ROM-ch U10 Girls"]
[White "Otetea, Ioana"]
[Black "Nicola, Anamaria Ioana"]
[Site "Calimanesti"]
[Round "4"]
[Result "1-0"]
[Date "2015.04.02"]
[WhiteElo "1439"]
[BlackElo "1545"]
[PlyCount "149"]
[EventDate "2015.03.30"]
[EventType "swiss"]
[EventRounds "9"]
[EventCountry "ROU"]
[SourceTitle "CBM 165 Extra"]
[Source "ChessBase"]
[SourceDate "2015.04.21"]
[SourceVersion "1"]
[SourceVersionDate "2015.04.21"]
[SourceQuality "1"]

1. e4 e6 2. d4 d5 3. exd5 exd5 4. c4 dxc4 5. Bxc4 Nc6 6. Ne2 Bb4+ 7. Nbc3 Nf6 8. 0-0 0-0 9. a3 Ba5 10. Be3 Bg4 11. f3 Bf5 12. Bf2 Bb6 13. Na4 Qd7 14. Nxb6 axb6 15. Qd2 Rad8 16. Rfd1 Na5 17. Ba2 Rfe8 18. Ng3 Bg6 19. Qc3 Qc6 20. Qd2 Qc2 21. Rac1 Qxd2 22. Rxd2 Nc6 23. Bc4 Re7 24. Bb5 Na7 25. Bd3 Bxd3 26. Rxd3 Nb5 27. a4 Nd6 28. Re3 Red7 29. Re5 h6 30. b3 Re8 31. Rce1 Kf8 32. Kf1 Rde7 33. h3 Nd7 34. R5e2 b5 35. a5 Rxe2 36. Rxe2 Ra8 37. b4 b6 38. Ra2 bxa5 39. Rxa5 Rxa5 40. bxa5 Nb8 41. d5 Na6 42. Ne4 Nxe4 43. fxe4 Ke8 44. Ke2 Kd7 45. Kd3 c5 46. Kc3 c4 47. e5 Nc7 48. Kd4 Na6 49. Be1 Ke7 50. g4 Kd7 51. h4 Ke7 52. Bd2 Kd7 53. h5 Ke7 54. g5 hxg5 55. Bxg5+ Kd7 56. d6 Ke6 57. Be7 Nb8 58. Bf8 Nc6+ 59. Ke4 Nxa5 60. Bxg7 c3 61. Kd3 b4 62. h6 Nc6 63. h7 Nxe5+ 64. Bxe5 Kxe5 65. h8Q+ Kxd6 66. Qf8+ Ke6 67. Qxb4 f5 68. Qxc3 f4 69. Ke4 f3 70. Qxf3 Ke7 71. Qf5 Ke8 72. Qh7 Kd8 73. Kd5 Ke8 74. Ke6 Kf8 75. Qf7# 1-0

[Event "ROM-ch U10 Girls"]
[White "Anghel, Maria"]
[Black "Otetea, Ioana"]
[Site "Calimanesti"]
[Round "6"]
[Result "1/2-1/2"]
[Date "2014.04.10"]
[WhiteElo "1515"]
[BlackElo "1369"]
[PlyCount "172"]
[EventDate "2014.04.06"]
[EventType "swiss"]
[EventRounds "9"]
[EventCountry "ROU"]
[SourceTitle "CBM 160 Extra"]
[Source "ChessBase"]
[SourceDate "2014.07.01"]
[SourceVersion "1"]
[SourceVersionDate "2014.07.01"]
[SourceQuality "1"]

1. d4 d5 2. Bg5 c6 3. e3 h6 4. Bh4 Qb6 5. Qc1 e5 6. c3 e4 7. Nd2 Be7 8. Bg3 Nf6 9. c4 Be6 10. c5 Qd8 11. Ne2 0-0 12. Nc3 Nbd7 13. Be2 Bg4 14. Bxg4 Nxg4 15. h3 Ngf6 16. 0-0 Nh7 17. b4 Kh8 18. b5 f5 19. f3 Bh4 20. Bd6 Rf6 21. Rb1 Rg6 22. Nb3 Qg5 23. Qd2 Bg3 24. Bxg3 Qxg3 25. Kh1 Rb8 26. Na5 Ng5 27. f4 Nh7 28. bxc6 bxc6 29. Rxb8+ Nxb8 30. Rb1 Nd7 31. Rb7 Ndf8 32. Rxa7 Qh4 33. Rb7 Qd8 34. Ne2 Qa8 35. Qb4 Qa6 36. Qd2 Qd3 37. Qxd3 exd3 38. Ng1 Re6 39. Rb1 Rxe3 40. Rd1 Nf6 41. Nf3 Ne4 42. Kg1 Nc3 43. Rd2 Ne4 44. Rb2 Ne6 45. Nb3 Nxf4 46. a4 Re2 47. Rxe2 dxe2 48. Ne1 Nc3 49. Kf2 Nxa4 50. Nc1 Nc3 51. Ned3 Ne6 52. Nb3 Nb5 53. Kxe2 Nexd4+ 54. Nxd4 Nxd4+ 55. Ke3 Ne6 56. g3 Kg8 57. Ke2 Kf8 58. Nb4 Nxc5 59. Nxc6 Kf7 60. Nd4 Kf6 61. Nf3 Ne4 62. g4 fxg4 63. hxg4 g6 64. Ke3 Ke6 65. Kf4 h5 66. g5 Nc3 67. Nd4+ Kd6 68. Nf3 Nb5 69. Ke3 Ke6 70. Nh4 Kf7 71. Nf3 Ke6 72. Nh4 Ke5 73. Nxg6+ Kf5 74. Ne7+ Kxg5 75. Nxd5 Kf5 76. Kf3 Nd4+ 77. Kg3 Kg5 78. Nf4 Nf5+ 79. Kf3 h4 80. Nh3+ Kh5 81. Nf4+ Kg5 82. Nh3+ Kf6 83. Kg4 Ke5 84. Ng1 Ke4 85. Nf3 h3 86. Kxh3 Kxf3 1/2-1/2